| 000 | 00324nam a2200121Ia 4500 | ||
|---|---|---|---|
| 005 | 20251222151308.0 | ||
| 008 | 251222s9999||||xx |||||||||||||| ||spa|| | ||
| 020 | _a9788430617500 | ||
| 082 | _aREF.463/R31/2015 | ||
| 245 | 0 | _aDiccionario Panhispánico de Dudas | |
| 264 | _bPenguin Random House Grupo Editorial | ||
| 942 | _cLIB | ||
| 999 |
_c23265 _d23265 |
||